Managerial economics : theory, applications, and cases /
This book is divided into six parts: Introduction; Demand and forecasting; Production and cost; market structure, strategic behavior, and Pricing; Risk analysis and capital budgeting; and Government-Business relations and the global economy.
Gespeichert in:
| 1. Verfasser: | |
|---|---|
| Format: | Buch |
| Sprache: | English |
| Veröffentlicht: |
New York :
W. W. Norton,
1999.
|
| Ausgabe: | 4th ed. |
| Schlagworte: | |
| Tags: |
Tag hinzufügen
Keine Tags, Fügen Sie den ersten Tag hinzu!
|
| Thư viện lưu trữ: | Mạng thư viện Đại học Đà Nẵng |
|---|
| LEADER | 01136cam a2200349 i 4500 | ||
|---|---|---|---|
| 001 | 000048936 | ||
| 003 | 8662 | ||
| 005 | 20030311094923.0 | ||
| 008 | 010316|1999 vm 000 eng | ||
| 020 | |a 0393973158 | ||
| 040 | |a IRC |c IRC |d IRC | ||
| 041 | 0 | |a eng | |
| 082 | 1 | 4 | |a 338.5024658 |b MA-E |
| 100 | 1 | |a Mansfield, Edwin. | |
| 245 | 0 | 0 | |a Managerial economics : |b theory, applications, and cases / |c Edwin Mansfield. |
| 250 | |a 4th ed. | ||
| 260 | |a New York : |b W. W. Norton, |c 1999. | ||
| 300 | |a xxiv, 671 p. : |b ill. ; |c 23.5cm. | ||
| 520 | 3 | |a This book is divided into six parts: Introduction; Demand and forecasting; Production and cost; market structure, strategic behavior, and Pricing; Risk analysis and capital budgeting; and Government-Business relations and the global economy. | |
| 630 | 0 | 4 | |a Economics. |
| 630 | 0 | 4 | |a Managerial economics. |
| 650 | 0 | 4 | |a Managerial economics. |
| OWN | |a DUT | ||
| 999 | |a From the UDN01 | ||
| TYP | |a Monograph | ||
| TYP | |a Printed language | ||
| 980 | |a Mạng thư viện Đại học Đà Nẵng | ||


